000 00244nam a22001097a 4500
008 170118b xxu||||| |||| 00| 0 eng d
020 _a9780803614598
041 _aeng
080 _23RD
_a618.2
245 _aNCLEX-PN
_cBEARE, P.G
942 _2udc
_cBK
999 _c3100
_d3100